| 000 | 00768cam a2200229 4500 | ||
|---|---|---|---|
| 001 | B1637 | ||
| 008 | 090401t1983 xxu||||| |||| 00| 0 eng d | ||
| 035 | _a(Sirsi) u45543 | ||
| 041 | _aeng | ||
| 050 | _a333.33709421 | ||
| 110 |
_aLeslie Lintott and Associates _92342 |
||
| 245 | _aLintott`s survey of air conditioned offices . - January 1979 - 1982 | ||
| 260 |
_aLondon _bLeslie Lintott and Associates _c1979-1983 |
||
| 300 | _a7v. ; 30cm. | ||
| 350 | _a0 | ||
| 520 | _a1979 published quarterly, thereafter published annually. | ||
| 650 | _aBUILT ENVIRONMENT-BUILDING ELEMENTS-COMPLETE BUILDING SERVICES ELEMENTS-COMPLETE HEATING, VENTILATION AND AIR CONDITIONING SYSTEMS | ||
| 650 | _aFLOORSPACE | ||
| 650 | _aLONDON | ||
| 942 | _n0 | ||
| 948 | _c04/03/1997 | ||
| 999 |
_c91757 _d91757 |
||